000 00361 a2200157 4500
001 160238
020 _a
040 _cMagnum
100 _aBoulos Junior, Alfredo
240 1 0 _aO trabalhador vai a luta: 1o. de maio
_lpor
245 1 0 _aO trabalhador vai a luta: 1o. de maio
362 0 _a1899
440 1 _aFTD
697 _aIJ/PARADIDATICO
942 _cBK
999 _c160238
_d160238